|
|
|
|
| LEADER |
00000nam a2200000 a 4500 |
| 001 |
vtls001328999 |
| 003 |
SK-MaSNL |
| 005 |
20260301160151.0 |
| 008 |
210928s1990 xr 0 cze |
| 020 |
|
|
|a 8002000587
|
| 035 |
|
|
|a SNK000281835
|
| 040 |
|
|
|a SNK
|b slo
|c SNK
|e AACR2
|
| 041 |
0 |
|
|a cze
|
| 044 |
|
|
|a CZ
|
| 080 |
|
|
|a 636.086.2:631.563(082)
|2 1981
|
| 245 |
1 |
|
|a Perspektivní systémy výroby a skladování kvalitního sena
|b sborník přednášek
|c zprac.: kol. autorů ; uspoř. Petr Doležal
|
| 260 |
|
|
|a Pohořelice
|b Pobočka ČSVTS při VÚVZ
|c 1990
|
| 300 |
|
|
|a 129, [1] s.
|c 8°
|
| 500 |
|
|
|a Čiast. text slov.
|
| 650 |
0 |
7 |
|a seno
|2 SNK
|9 24612
|
| 700 |
1 |
|
|a Doležal, Petr,
|d 1953-
|4 ini
|9 9489
|
| 919 |
|
|
|a 80-02-00058-7
|
| 958 |
|
|
|a RK
|
| 958 |
|
|
|a OND
|
| 999 |
|
|
|c 804319
|d 806249
|
| 952 |
|
|
|t P60, <03>, [BOOK], {603}
|a SNK
|b SNK
|y PREZ
|7 0
|o snkSD 62039
|i snkKIP 4367/90
|0 0
|1 0
|4 0
|d 1998-04-24
|l 0
|r 2005-01-02 00:00:00
|w 2026-02-24
|
| 952 |
|
|
|t P60, <04>, [BOOK], {604}
|a SNK
|b SNK
|y VYP
|7 0
|o snkSD 62039 D1
|i snkKIP 4368/90
|0 0
|1 0
|4 0
|d 1998-04-24
|l 0
|r 2005-01-02 00:00:00
|w 2026-02-24
|